MARC

LEADER 00000nam0a2200000 4500
001 309758
005 20231102002224.0
035 |a (RuTPU)RU\TPU\book\335097 
090 |a 309758 
100 |a 20151117d1981 k y0rusy50 ca 
101 0 |a rus 
102 |a RU 
105 |a a z 001zy 
200 1 |a Генетическая классификация нефтей, газов и рассеянного органического вещества пород  |f Всесоюзный нефтяной научно-исследовательский геологоразведочный институт ; под ред. В. К. Шиманского 
210 |a Ленинград  |c Изд-во ВНИГРИ  |d 1981 
215 |a 119 с.  |c ил. 
320 |a Библиогр. в конце ст. 
606 1 |a Нефтегазоматеринские (нефтегазопроизводящие) формации  |2 stltpush  |3 (RuTPU)RU\TPU\subj\45587  |9 64780 
610 1 |a органическое вещество 
610 1 |a рассеяние 
610 1 |a генетическая классификация 
610 1 |a генезис 
610 1 |a битуминологические исследования 
610 1 |a углепетрографические исследования 
610 1 |a молекулярный состав 
610 1 |a изотопный состав 
610 1 |a газы 
610 1 |a нефть 
610 1 |a геохимия 
610 1 |a карбонатные породы 
675 |a 552.578.2.061.32  |v 4 
702 1 |a Шиманский  |b В. К.  |4 340 
712 0 2 |a Всесоюзный нефтяной научно-исследовательский геологоразведочный институт  |c (Ленинград)  |c (1945-1991)  |2 stltpush  |3 (RuTPU)RU\TPU\col\7662  |9 24357 
801 1 |a RU  |b 63413507  |c 20151117 
801 2 |a RU  |b 63413507  |c 20191113  |g RCR 
942 |c BK